[Event "PUR-ch"]
[Site "San Juan"]
[Date "2017.07.21"]
[Round "6"]
[White "Torres Santiago, Jonathan"]
[Black "Jimenez Acosta, Jorge"]
[Result "1-0"]
[WhiteElo "2144"]
[BlackElo "1890"]
[PlyCount "51"]
[EventDate "2017.07.14"]
[EventType "tourn"]
[EventRounds "11"]
[EventCountry "PUR"]
[SourceTitle "EXT 2018"]
[Source "ChessBase"]
[SourceDate "2017.10.13"]
[SourceVersion "1"]
[SourceVersionDate "2017.10.13"]
[SourceQuality "1"]

1. e4 c6 2. d4 d5 3. exd5 cxd5 4. c4 Nf6 5. Nc3 e6 6. Nf3 Be7 7. Bd3 dxc4 8. Bxc4 0-0 9. 0-0 Nc6 10. Bg5 b6 11. Qd3 Bb7 12. Rad1 Nb4 13. Qe2 Nbd5 14. Ne5 Rc8 15. Rd3 Nxc3 16. bxc3 Nd5 17. Bxe7 Qxe7 18. Bxd5 Bxd5 19. Rg3 f6 20. c4 Bb7 21. Ng4 Ba6 22. Nh6+ Kh8 23. Nf5 Bxc4 24. Qe3 Qb4 25. Rxg7 Bd3 26. Rxh7+ 1-0

[Event "PUR-ch"]
[Site "San Juan"]
[Date "2016.04.11"]
[Round "11"]
[White "Vazquez Maccarini, Danitza"]
[Black "Jimenez Acosta, Jorge"]
[Result "1-0"]
[WhiteElo "2043"]
[BlackElo "1893"]
[PlyCount "45"]
[EventDate "2016.04.01"]
[EventType "tourn"]
[EventRounds "11"]
[EventCountry "PUR"]
[SourceTitle "CBM 171 Extra"]
[Source "ChessBase"]
[SourceDate "2016.04.26"]
[SourceVersion "1"]
[SourceVersionDate "2016.04.26"]
[SourceQuality "1"]

1. e4 e5 2. Nf3 Nc6 3. Bb5 f5 4. d3 d6 5. 0-0 Nf6 6. Nc3 fxe4 7. dxe4 Bg4 8. a3 a6 9. Be2 Be7 10. Be3 0-0 11. Ng5 Qd7 12. Bxg4 Qxg4 13. Qxg4 Nxg4 14. Ne6 Rfc8 15. Nd5 Bd8 16. Nxd8 Rxd8 17. Nxc7 Rac8 18. Nd5 Kf7 19. Rad1 Ke6 20. Bg5 Nf6 21. f4 Na5 22. fxe5 dxe5 23. Bxf6 1-0

[Event "PUR-ch"]
[Site "San Juan"]
[Date "2016.04.09"]
[Round "7"]
[White "Almedina Ortiz, Edgardo J"]
[Black "Jimenez Acosta, Jorge"]
[Result "1-0"]
[WhiteElo "2204"]
[BlackElo "1893"]
[PlyCount "77"]
[EventDate "2016.04.01"]
[EventType "tourn"]
[EventRounds "11"]
[EventCountry "PUR"]
[SourceTitle "CBM 171 Extra"]
[Source "ChessBase"]
[SourceDate "2016.04.26"]
[SourceVersion "1"]
[SourceVersionDate "2016.04.26"]
[SourceQuality "1"]

1. e4 e5 2. Nf3 Nc6 3. d4 exd4 4. Nxd4 d6 5. Nxc6 bxc6 6. c4 Nf6 7. Nc3 Be7 8. Bd3 0-0 9. 0-0 Re8 10. b3 Nd7 11. Bb2 Bf6 12. Qd2 Nc5 13. Rad1 Be6 14. Bb1 Rb8 15. Ba3 Nd7 16. f4 Bg4 17. Rde1 Bxc3 18. Qxc3 f6 19. Re3 Nf8 20. Qa5 Be6 21. Rd1 Bg4 22. Rde1 Nd7 23. Bd3 Nf8 24. Bf1 Ng6 25. g3 Bd7 26. Bg2 Qc8 27. c5 dxc5 28. e5 fxe5 29. fxe5 Nf8 30. Qxc5 Ne6 31. Qc4 Qb7 32. Rd3 Rbd8 33. Red1 Qc8 34. Bh3 Kh8 35. R1d2 c5 36. Bxe6 Bxe6 37. Rxd8 Bxc4 38. Rxc8 Rxc8 39. bxc4 1-0

[Event "PUR-ch"]
[Site "San Juan"]
[Date "2016.04.02"]
[Round "3"]
[White "Machin Rivera, Mark"]
[Black "Jimenez Acosta, Jorge"]
[Result "1-0"]
[WhiteElo "2347"]
[BlackElo "1893"]
[PlyCount "103"]
[EventDate "2016.04.01"]
[EventType "tourn"]
[EventRounds "11"]
[EventCountry "PUR"]
[SourceTitle "CBM 171 Extra"]
[Source "ChessBase"]
[SourceDate "2016.04.26"]
[SourceVersion "1"]
[SourceVersionDate "2016.04.26"]
[SourceQuality "1"]

1. c4 e6 2. Nf3 d5 3. g3 Nf6 4. Bg2 dxc4 5. Qa4+ Bd7 6. Qxc4 Bc6 7. 0-0 Nbd7 8. d4 Nb6 9. Qc2 Be4 10. Qd1 c5 11. Nbd2 Bc6 12. Nb3 cxd4 13. Nbxd4 Bd5 14. Bf4 Bd6 15. Bxd6 Qxd6 16. Nb5 Qd8 17. Rc1 0-0 18. Nc7 Rc8 19. Nxd5 Nbxd5 20. Rxc8 Qxc8 21. Qa4 a6 22. Ne5 Qc7 23. Nd3 Rd8 24. Rc1 Qd6 25. Qb3 b6 26. Qc4 b5 27. Qc6 h6 28. Qxd6 Rxd6 29. Rc8+ Kh7 30. Ne5 Nb6 31. Rh8+ Kxh8 32. Nxf7+ Kg8 33. Nxd6 Na4 34. Bb7 Nxb2 35. Bxa6 b4 36. Nc4 Na4 37. Ne5 Nc3 38. Bc4 Nfd5 39. Kf1 Kf8 40. Ke1 Ke7 41. Bxd5 Nxd5 42. e4 Nc3 43. Nc6+ Kd6 44. Nxb4 Nxe4 45. f3 Ng5 46. Ke2 Kc5 47. Nc2 Kc4 48. Ke3 e5 49. h4 Nf7 50. Ke4 Kc3 51. Ne3 g6 52. Ng4 1-0

[Event "PUR-ch"]
[Site "San Juan"]
[Date "2016.04.01"]
[Round "1"]
[White "Jimenez Acosta, Jorge"]
[Black "Diaz Montes, Edwin"]
[Result "0-1"]
[WhiteElo "1893"]
[BlackElo "1974"]
[PlyCount "58"]
[EventDate "2016.04.01"]
[EventType "tourn"]
[EventRounds "11"]
[EventCountry "PUR"]
[SourceTitle "CBM 171 Extra"]
[Source "ChessBase"]
[SourceDate "2016.04.26"]
[SourceVersion "1"]
[SourceVersionDate "2016.04.26"]
[SourceQuality "1"]

1. e4 c5 2. Nf3 e6 3. d4 cxd4 4. Nxd4 Nc6 5. Nb5 d6 6. Bf4 e5 7. Be3 Be6 8. N1c3 Nf6 9. Bg5 a6 10. Bxf6 gxf6 11. Na3 b5 12. Nd5 Bg7 13. c4 0-0 14. cxb5 Nd4 15. Bc4 axb5 16. Bb3 f5 17. exf5 Qa5+ 18. Kf1 Bxd5 19. Bxd5 b4 20. Bxa8 bxa3 21. Be4 axb2 22. Rb1 d5 23. Qg4 dxe4 24. Qxe4 Qb5+ 25. Ke1 Qb4+ 26. Kd1 Qa4+ 27. Kd2 Bh6+ 28. f4 Bxf4+ 29. Ke1 Nc2+ 0-1

[Event "PUR-ch"]
[Site "Bayamon"]
[Date "2015.10.10"]
[Round "3"]
[White "Jimenez Acosta, Jorge"]
[Black "Garcia Santiago, Jorge J"]
[Result "0-1"]
[WhiteElo "1933"]
[BlackElo "1517"]
[PlyCount "75"]
[EventDate "2015.10.09"]
[EventType "swiss"]
[EventRounds "9"]
[EventCountry "PUR"]
[SourceTitle "EXT 2017"]
[Source "ChessBase"]
[SourceDate "2016.10.25"]
[SourceVersion "1"]
[SourceVersionDate "2016.10.25"]
[SourceQuality "1"]

1. e4 e5 2. Nf3 Nc6 3. Bc4 Be7 4. d4 exd4 5. Nxd4 Ne5 6. Bb3 d6 7. Bf4 Nf6 8. Nc3 a6 9. a4 Ng6 10. Bg3 0-0 11. 0-0 Re8 12. f3 Nd7 13. Nd5 Nc5 14. Bc4 Bh4 15. Bxh4 Nxh4 16. Qd2 Ne6 17. Rad1 Bd7 18. b3 Nxd4 19. Qxd4 b5 20. axb5 axb5 21. Bd3 c6 22. Ne3 Re6 23. g3 Ng6 24. Nf5 Qf6 25. Qxf6 Rxf6 26. Ne3 Bh3 27. Rf2 Ne5 28. Be2 Rd8 29. f4 Nd7 30. Bf3 Re8 31. e5 dxe5 32. Rxd7 Bxd7 33. fxe5 Rxe5 34. Ng4 Re1+ 35. Kg2 Bxg4 36. Bxg4 Rxf2+ 37. Kxf2 Re7 38. Bh3 0-1

[Event "PUR-ch"]
[Site "Bayamon"]
[Date "2015.10.09"]
[Round "1"]
[White "Martinez Santos, Ivan"]
[Black "Jimenez Acosta, Jorge"]
[Result "1-0"]
[WhiteElo "1595"]
[BlackElo "1933"]
[PlyCount "131"]
[EventDate "2015.10.09"]
[EventType "swiss"]
[EventRounds "9"]
[EventCountry "PUR"]
[SourceTitle "EXT 2017"]
[Source "ChessBase"]
[SourceDate "2016.10.25"]
[SourceVersion "1"]
[SourceVersionDate "2016.10.25"]
[SourceQuality "1"]

1. e4 c6 2. d4 d5 3. exd5 cxd5 4. Nf3 Nc6 5. Be2 Bg4 6. Nc3 Nf6 7. 0-0 e6 8. Bg5 Be7 9. Re1 0-0 10. Qd2 Bxf3 11. Bxf3 Qb6 12. Red1 Qxb2 13. Rdb1 Qa3 14. Rxb7 Na5 15. Nb5 Bb4 16. Nxa3 Bxd2 17. Rb5 Bxg5 18. Rxa5 Rfc8 19. c4 Ne4 20. Bxe4 dxe4 21. Rxg5 f5 22. Rg3 Rab8 23. Rb3 Ra8 24. c5 Rd8 25. Nb5 a5 26. Nd6 a4 27. Rb7 a3 28. Rab1 h6 29. Rc7 Kh7 30. Rbb7 Rg8 31. Ra7 Rab8 32. Rcb7 Rxb7 33. Rxb7 Ra8 34. Rb4 Ra6 35. Nc4 Kg6 36. c6 Kf6 37. c7 Rc6 38. g3 Rxc7 39. Nxa3 Ra7 40. Rb3 Ra4 41. Kf1 Rxd4 42. Nb5 Rd1+ 43. Kg2 Ra1 44. Ra3 e5 45. Ra6+ Kg5 46. a4 Ra2 47. Nc3 Ra3 48. Nd5 f4 49. gxf4+ exf4 50. a5 Kg4 51. h3+ Rxh3 52. Rg6+ Kh4 53. Nxf4 Ra3 54. Ra6 Ra2 55. Nd5 Kh5 56. Re6 g5 57. Nf6+ Kg6 58. Nxe4+ Kf5 59. Nc5 Rxa5 60. Rc6 Ke5 61. Nd3+ Kd4 62. Ne1 h5 63. Nf3+ Ke4 64. Rd6 g4 65. Nd2+ Ke5 66. Nc4+ 1-0

[Event "San Sebastian Mendez Memorial op-A 1st"]
[Site "San Sebastian del Pepino"]
[Date "2014.01.18"]
[Round "3"]
[White "Freyre Forest, Jorge"]
[Black "Jimenez Acosta, Jorge"]
[Result "1-0"]
[WhiteElo "2126"]
[BlackElo "1963"]
[PlyCount "115"]
[EventDate "2014.01.17"]
[EventType "swiss"]
[EventRounds "7"]
[EventCountry "PUR"]
[SourceTitle "CBM 158 Extra"]
[Source "ChessBase"]
[SourceDate "2014.02.28"]
[SourceVersion "1"]
[SourceVersionDate "2014.02.28"]
[SourceQuality "1"]

1. Nf3 d5 2. d4 Nf6 3. g3 c6 4. Bg2 Bf5 5. c4 e6 6. Qb3 Qb6 7. c5 Qxb3 8. axb3 Nbd7 9. b4 Be7 10. Nc3 Ne4 11. h4 0-0 12. h5 h6 13. Bf4 Bf6 14. e3 Rfe8 15. Ne5 Bxe5 16. Bxe5 Nxc3 17. bxc3 Nxe5 18. dxe5 Kf8 19. f3 Bd3 20. Kd2 Bc4 21. Bf1 Bxf1 22. Rhxf1 Ke7 23. g4 f6 24. f4 a6 25. Kd3 Rad8 26. Kd4 Rf8 27. Rf3 Rf7 28. Raf1 Rdf8 29. R1f2 Kd7 30. Rg3 Ke7 31. Rfg2 Rh8 32. e4 Rd8 33. f5 dxe4+ 34. Kxe4 fxe5 35. Rf2 Rd5 36. Rgf3 Rf6 37. Rf1 Kf7 38. Rd3 Rxd3 39. Kxd3 exf5 40. gxf5 Ke7 41. Ke4 Rf8 42. Rg1 Kf7 43. Rd1 Ke7 44. Rd6 Rf7 45. Kxe5 Rf8 46. Re6+ Kd7 47. f6 gxf6+ 48. Rxf6 Re8+ 49. Kf5 Re3 50. Rf7+ Kc8 51. Kg6 Rxc3 52. Rf4 Rh3 53. Kxh6 Kc7 54. Kg5 b6 55. Rf7+ Kb8 56. cxb6 Rb3 57. h6 Rxb4 58. h7 1-0

[Event "San Sebastian Mendez Memorial op-A 1st"]
[Site "San Sebastian del Pepino"]
[Date "2014.01.18"]
[Round "2"]
[White "Jimenez Acosta, Jorge"]
[Black "Perez Borrero, George"]
[Result "1-0"]
[WhiteElo "1963"]
[BlackElo "1703"]
[PlyCount "51"]
[EventDate "2014.01.17"]
[EventType "swiss"]
[EventRounds "7"]
[EventCountry "PUR"]
[SourceTitle "CBM 158 Extra"]
[Source "ChessBase"]
[SourceDate "2014.02.28"]
[SourceVersion "1"]
[SourceVersionDate "2014.02.28"]
[SourceQuality "1"]

1. d4 d6 2. e4 Nf6 3. Nc3 g6 4. f4 Bg7 5. Nf3 0-0 6. Be2 c5 7. Be3 Ng4 8. Bg1 cxd4 9. Bxd4 e5 10. fxe5 Nxe5 11. Nxe5 dxe5 12. Be3 Qxd1+ 13. Rxd1 Be6 14. Nd5 Nc6 15. Nc7 Rac8 16. Nxe6 fxe6 17. c3 Na5 18. b4 Rxc3 19. Bxa7 Nc4 20. Bc5 Rf7 21. Bg4 Rf6 22. Be7 Re3+ 23. Be2 Rf7 24. Rd8+ Bf8 25. Bxf8 Rxf8 26. Rxf8+ 1-0